[Event "France 83/63"]
[Site "?"]
[Date "2002.??.??"]
[Round "?"]
[White "Kramnik, Vladimir"]
[Black "Tregubov, P."]
[Result "1-0"]
[WhiteElo "2809"]
[BlackElo "2626"]
[PlyCount "63"]
[EventDate "2002.??.??"]
[Source "Chess Informant"]
[SourceDate "2001.10.01"]

1. d4 d5 2. c4 e6 3. Nc3 c6 4. e3 f5 5. Bd3 Bd6 6. Nge2 Nf6 7. Qc2 O-O 8. f3 Kh8 9. O-O a6 10. c5 Bc7 11. Bd2 Nbd7 12. b4 b6 13. Na4 bxc5 14. bxc5 a5 15. Rab1 g6 16. Nb6 Bxb6 17. cxb6 Bb7 18. Nc3 c5 19. dxc5 Nxc5 20. Be2 Rc8 21. Qb2 d4 22. exd4 Qxd4+ 23. Kh1 Nd3 24. Bxd3 Qxd3 25. Bh6 Rf7 26. Nb5 Rc2 27. Qe5 Qe2 28. Qxe2 Rxe2 29. Nd6 Kg8 30. Nxf7 Kxf7 31. Rfd1 Rxa2 32. Rd8 1-0

[Event "World Cup"]
[Site "Khanty-Mansiysk RUS"]
[Date "2007.12.01"]
[Round "3.2"]
[White "Onischuk, Al"]
[Black "Shirov, A."]
[Result "0-1"]
[WhiteElo "2674"]
[BlackElo "2739"]
[PlyCount "84"]
[EventDate "2007.11.24"]
[Source "www.chesslib.no"]
[SourceDate "2004.05.04"]

1. d4 d5 2. c4 e6 3. Nc3 c6 4. Nf3 dxc4 5. e3 b5 6. a4 Bb4 7. Bd2 a5 8. axb5 Bxc3 9. Bxc3 cxb5 10. b3 Bb7 11. bxc4 b4 12. Bb2 Nf6 13. Bd3 O-O 14. O-O Nbd7 15. Re1 Ne4 16. Qc2 f5 17. c5 Qc7 18. Bb5 Bd5 19. Qe2 Ndf6 20. h3 g5 21. Ne5 g4 22. hxg4 fxg4 23. Nd3 Qg7 24. Nf4 Qh6 25. Rf1 g3 26. Nh3 gxf2+ 27. Rxf2 Nxf2 28. Nxf2 Bxg2 29. Kxg2 Ra7 30. Rh1 Qg6+ 31. Kf1 Ng4 32. Be8 Qb1+ 33. Kg2 Rxf2+ 34. Qxf2 Qxh1+ 35. Kxh1 Nxf2+ 36. Kg2 Nd1 37. Bc1 b3 38. e4 b2 39. Bxb2 Nxb2 40. Bb5 a4 41. d5 exd5 42. exd5 a3 0-1

[Event "Enghien-les-Bains 81/56"]
[Site "?"]
[Date "2001.??.??"]
[Round "?"]
[White "Bareev, E."]
[Black "Grischuk, A."]
[Result "0-1"]
[WhiteElo "2709"]
[BlackElo "2667"]
[PlyCount "62"]
[EventDate "2001.??.??"]
[Source "Chess Informant"]
[SourceDate "2001.02.01"]

1. d4 d5 2. c4 e6 3. Nc3 c6 4. e3 f5 5. f4 Qh4+ 6. g3 Qd8 7. Nf3 Nf6 8. Be2 Be7 9. O-O O-O 10. Bd2 Ne4 11. Nxe4 fxe4 12. Ne5 Nd7 13. b4 Nxe5 14. dxe5 Bd7 15. Bc3 a6 16. Qd2 g6 17. g4 Rf7 18. Rad1 Qf8 19. Kh1 h6 20. cxd5 cxd5 21. f5 gxf5 22. gxf5 Rxf5 23. Rxf5 Qxf5 24. Rf1 Qh3 25. Rf4 Rf8 26. Rg4+ Kh7 27. Rg3 Qh4 28. Qc1 Bb5 29. Bxb5 axb5 30. Be1 Qh5 31. Qd2 Bh4 0-1

[Event "It, Enghien-les-Bains FRA"]
[Site "?"]
[Date "2001.??.??"]
[Round "5"]
[White "Tkachiev, V."]
[Black "Bareev, E."]
[Result "1/2-1/2"]
[WhiteElo "2670"]
[BlackElo "2705"]
[PlyCount "85"]
[EventDate "2001.??.??"]
[Source "www.chesslib.no"]
[SourceDate "2004.05.04"]

1. d4 d5 2. c4 c6 3. Nc3 e6 4. e3 Bd6 5. Nf3 f5 6. Ne5 Nf6 7. Be2 O-O 8. O-O Nbd7 9. f4 Ne4 10. Nxe4 fxe4 11. Bd2 Nxe5 12. dxe5 Be7 13. Kh1 Bd7 14. Rc1 b5 15. cxb5 cxb5 16. Bc3 b4 17. Bd4 Qa5 18. Qd2 Rac8 19. b3 Bc5 20. Bxc5 Rxc5 21. Rxc5 Qxc5 22. Rc1 Qb6 23. g3 Rc8 24. Rxc8+ Bxc8 25. Kg1 h6 26. h4 Kh7 27. Kf2 Ba6 28. h5 Bxe2 29. Qxe2 Qc6 30. Kg2 Kg8 31. Kf2 Qc3 32. Qg4 Qc2+ 33. Qe2 Qc6 34. Kg2 Kf7 35. Kf2 a5 36. Qd2 Kf8 37. Qe2 Kf7 38. Qd2 Qc5 39. Qe2 d4 40. exd4 Qxd4+ 41. Qe3 Qb2+ 42. Qe2 Qd4+ 43. Qe3 1/2-1/2

[Event "Amber-blind 8th"]
[Site "Monte Carlo"]
[Date "1999.03.23"]
[Round "7"]
[White "Kramnik, Vladimir"]
[Black "Piket, Jeroen"]
[Result "1-0"]
[WhiteElo "2751"]
[BlackElo "2619"]
[PlyCount "159"]
[EventDate "1999.03.16"]
[Source "ChessBase"]
[SourceDate "1999.05.10"]

1. d4 d5 2. c4 e6 3. Nc3 c6 4. e3 Nf6 5. b3 Bb4 6. Bb2 O-O 7. a3 Bxc3+ 8. Bxc3 b6 9. Nf3 Nbd7 10. Bd3 a5 11. O-O Ba6 12. Qe2 Qc8 13. a4 c5 14. Rfd1 Rd8 15. Bb2 Qb7 16. Nd2 Rac8 17. h3 h6 18. Rac1 cxd4 19. exd4 Qb8 20. Nf1 Qf4 21. Bb1 Bb7 22. Qe3 Qd6 23. Qe1 dxc4 24. bxc4 Qc6 25. d5 exd5 26. cxd5 Qxa4 27. Rxc8 Rxc8 28. Ne3 Re8 29. Qd2 Qf4 30. Qc3 Rc8 31. Qe1 Re8 32. Rd4 Qg5 33. h4 Qh5 34. Qc3 b5 35. Qxa5 Bxd5 36. Qd2 Be6 37. Bd3 Ne5 38. Be2 Bg4 39. Bxb5 Rf8 40. Bf1 Be6 41. Ra4 Ng6 42. Be2 Qc5 43. Ba3 Qc6 44. Ra6 Qe4 45. Bxf8 Nxf8 46. Qd8 Qb1+ 47. Bf1 Qb4 48. Ra8 N6d7 49. g3 g6 50. Qa5 Qb2 51. Qa1 Qxa1 52. Rxa1 h5 53. f3 Kg7 54. Kf2 Nh7 55. Ra7 Nhf6 56. Bc4 Bxc4 57. Nxc4 Kf8 58. Ke3 Ke7 59. Kf4 Kf8 60. Kg5 Kg7 61. Kf4 Kf8 62. Ke3 Ke7 63. Kd4 Ke6 64. Ra6+ Ke7 65. Ne3 Kf8 66. Ra7 Kg7 67. Nc4 Kf8 68. g4 hxg4 69. fxg4 Ke7 70. g5 Ng4 71. Nb6 Nge5 72. Kd5 Ke8 73. Nxd7 Nxd7 74. Kd6 Nb6 75. Rc7 Kf8 76. Rc6 Na4 77. Ke5 Kg7 78. Kd4 Nb2 79. Rc1 Na4 80. Rb1 1-0

[Event "WCC Places 5-8"]
[Site "?"]
[Date "2005.12.12"]
[Round "6.1"]
[White "Gurevich Mikhail"]
[Black "Gelfand Boris"]
[Result "0-1"]
[WhiteElo "2652"]
[BlackElo "2717"]
[PlyCount "72"]
[EventDate "2005.??.??"]
[Source "www.chesslib.no"]
[SourceDate "2004.05.04"]

1. d4 d5 2. c4 e6 3. Nc3 c6 4. e4 Bb4 5. cxd5 exd5 6. exd5 cxd5 7. Bd3 Nc6 8. Nge2 Nge7 9. Qc2 Bd6 10. a3 h6 11. Be3 O-O 12. O-O Be6 13. f4 f5 14. Kh1 Nc8 15. g4 fxg4 16. f5 Qh4 17. Nf4 Bf7 18. f6 gxf6 19. Bf5 N8e7 20. Bxg4 Kh8 21. Nb5 Bb8 22. Be6 a6 23. Rf3 Bxe6 24. Nxe6 Qg4 25. Qf2 Qxe6 26. Bxh6 Rg8 27. Qh4 Rg6 28. Bf8+ Kg8 29. Re1 Qg4 30. Qxg4 Rxg4 31. Bxe7 axb5 32. Bxf6 Bd6 33. Rh3 Kf7 34. Be5 Bxe5 35. dxe5 Rag8 36. e6+ Ke7 0-1

[Event "Enghien-les-Bains 81/55"]
[Site "?"]
[Date "2001.??.??"]
[Round "?"]
[White "Bareev, E."]
[Black "Lautier, J."]
[Result "1-0"]
[WhiteElo "2709"]
[BlackElo "2658"]
[PlyCount "51"]
[EventDate "2001.??.??"]
[Source "Chess Informant"]
[SourceDate "2001.02.01"]

1. d4 d5 2. c4 e6 3. Nc3 c6 4. e3 Bd6 5. Bd3 f5 6. f4 Nf6 7. Nf3 O-O 8. O-O b6 9. Qe2 Bb7 10. Bd2 Ne4 11. Rac1 a6 12. cxd5 cxd5 13. Ne5 Nd7 14. a4 Qe7 15. Be1 Rfc8 16. g4 Ndf6 17. Bh4 Qe8 18. gxf5 exf5 19. Kh1 Kh8 20. Rg1 Rc7 21. Bxe4 Nxe4 22. Nxe4 Bxe5 23. Nf6 Bxf6 24. Rxc7 Bxh4 25. Rgxg7 Qe4+ 26. Kg1 1-0

[Event "EUCup 16th"]
[Site "Neum"]
[Date "2000.09.25"]
[Round "2"]
[White "Nikolic, Predrag"]
[Black "Krasenkow, Michal"]
[Result "1-0"]
[WhiteElo "2657"]
[BlackElo "2702"]
[PlyCount "75"]
[EventDate "2000.09.24"]
[Source "ChessBase"]
[SourceDate "2001.01.25"]

1. d4 d5 2. c4 e6 3. Nc3 c6 4. e3 f5 5. Bd3 Nf6 6. Nf3 Bd6 7. O-O O-O 8. b3 Ne4 9. Ne2 Nd7 10. a4 a5 11. Ba3 Bxa3 12. Rxa3 b6 13. Ra2 Bb7 14. Rc2 Qe7 15. Qa1 g5 16. Ne1 Rf6 17. f3 Raf8 18. fxe4 fxe4 19. Ng3 exd3 20. Nxd3 Rxf1+ 21. Nxf1 dxc4 22. bxc4 c5 23. Ng3 Qg7 24. Rf2 Rd8 25. h3 Qg6 26. Qc3 Be4 27. Ne1 Bc6 28. Qb3 h5 29. d5 Bb7 30. dxe6 h4 31. Nf5 Qxe6 32. Qd1 Rf8 33. Qg4 Rf6 34. Qxg5+ Kf8 35. Nd3 Qg8 36. Qxh4 Ke8 37. e4 Bc6 38. Ne5 1-0

[Event "Bundesliga 2002-3"]
[Site "Cologne"]
[Date "2003.02.08"]
[Round "10"]
[White "Sokolov, Andrei"]
[Black "Lautier, Joel"]
[Result "1/2-1/2"]
[WhiteElo "2688"]
[BlackElo "2670"]
[PlyCount "86"]
[EventDate "2003.01.10"]
[Source "Roberto Alvarez"]
[SourceDate "2003.02.17"]

1. d4 d5 2. c4 c6 3. Nc3 e6 4. e3 Bd6 5. Bd3 f5 6. Nf3 Nf6 7. O-O O-O 8. b3 b6 9. Bb2 Bb7 10. Rc1 Ne4 11. Ne2 Nd7 12. cxd5 cxd5 13. Ne5 Qe7 14. Bb5 Nxe5 15. dxe5 Bc5 16. Nd4 a6 17. Bd3 Rfc8 18. f3 Ng5 19. Qe2 b5 20. Rxc5 Rxc5 21. Ba3 Rac8 22. Bxc5 Rxc5 23. a4 bxa4 24. bxa4 a5 25. Rb1 Bc8 26. Qd2 Qc7 27. Nb5 Qd8 28. Rc1 Qb6 29. Kf2 Rxc1 30. Qxc1 Bd7 31. Ke2 Nf7 32. f4 Nd8 33. Qa3 Nb7 34. Qe7 Qd8 35. Qxd8+ Nxd8 36. Kd2 Nb7 37. Kc3 Nc5 38. Bc2 Bxb5 39. axb5 Nd7 40. Kd4 Kf8 41. g4 g6 42. gxf5 gxf5 43. Bd1 Ke7 1/2-1/2

[Event "FIDE GP"]
[Site "Moscow"]
[Date "2002.06.01"]
[Round "1.3"]
[White "Sasikiran, Krishnan"]
[Black "Bareev, Evgeny"]
[Result "0-1"]
[WhiteElo "2633"]
[BlackElo "2724"]
[PlyCount "55"]
[EventDate "2002.06.01"]
[Source "ChessBase"]
[SourceDate "2002.09.20"]

1. d4 d5 2. c4 c6 3. Nc3 e6 4. e3 f5 5. b3 Nf6 6. g3 Bd6 7. Bg2 O-O 8. Nge2 Qe7 9. O-O Nbd7 10. Bb2 a6 11. Qd3 b5 12. f3 bxc4 13. bxc4 dxc4 14. Qxc4 Nb6 15. Qd3 a5 16. e4 Ba6 17. Qc2 fxe4 18. Nxe4 Nxe4 19. fxe4 Nc4 20. e5 Bb4 21. Bc1 Rxf1+ 22. Bxf1 Rf8 23. Bh3 Nxe5 24. dxe5 Qc5+ 25. Qxc5 Bxc5+ 26. Kh1 Bxe2 27. Bf4 Bd4 28. Rb1 0-1

[Event "Rubinstein mem"]
[Site "Polanica Zdroj"]
[Date "2000.08.18"]
[Round "2"]
[White "Van Wely, Loek"]
[Black "Krasenkow, Michal"]
[Result "1-0"]
[WhiteElo "2643"]
[BlackElo "2702"]
[PlyCount "143"]
[EventDate "2000.08.17"]
[Source "ChessBase"]
[SourceDate "2000.11.21"]

1. c4 e6 2. Nc3 d5 3. d4 c6 4. e3 f5 5. Nf3 Nf6 6. Bd3 Bd6 7. O-O O-O 8. b3 Qe7 9. Bb2 Bd7 10. Ne2 Be8 11. Ne5 Nfd7 12. f4 Nf6 13. c5 Bc7 14. b4 Bh5 15. b5 cxb5 16. Bxb5 Ne4 17. Rb1 Bxe5 18. fxe5 Nc6 19. Qe1 Bxe2 20. Qxe2 Rf7 21. Rf3 Raf8 22. Rbf1 Qc7 23. Rc1 Qa5 24. a3 f4 25. Bd3 fxe3 26. Rxf7 Rxf7 27. Qxe3 Ne7 28. Qe1 Qa4 29. Qb4 Qd7 30. Rf1 Rxf1+ 31. Bxf1 Nc6 32. Qe1 Qf7 33. Bd3 Qf5 34. Qf1 Qg5 35. Qe1 Qf5 36. Be2 h5 37. Qf1 g6 38. Qxf5 exf5 39. Bd3 Kf7 40. Kf1 Ke6 41. Ke2 Na5 42. Bc1 Nc4 43. Kf3 Nc3 44. Kf4 Na2 45. Be3 g5+ 46. Kf3 f4 47. Bf2 Nd2+ 48. Ke2 Ne4 49. Kf1 Nac3 50. Ke1 Ke7 51. Bg1 Kd7 52. Bf2 a6 53. Kf1 Nb5 54. a4 Nc7 55. Bg1 Kc6 56. Ke1 Ne6 57. a5 g4 58. Bc2 Kb5 59. Bxe4 dxe4 60. d5 Nc7 61. c6 bxc6 62. d6 Ne6 63. Bb6 Kc4 64. d7 Kd5 65. d8=Q+ Nxd8 66. Bxd8 Kxe5 67. Bc7+ Kf5 68. Kd2 c5 69. g3 f3 70. Bb6 Ke5 71. Bxc5 Kd5 72. Bb6 1-0

[Event "Lviv"]
[Site "?"]
[Date "2000.??.??"]
[Round "?"]
[White "Beliavsky, A."]
[Black "Ivanchuk, V."]
[Result "1/2-1/2"]
[WhiteElo "2640"]
[BlackElo "2705"]
[PlyCount "59"]
[EventDate "2000.??.??"]
[Source "Chess Informant"]
[SourceDate "2000.02.01"]

1. d4 d5 2. c4 e6 3. Nc3 c6 4. Nf3 dxc4 5. Bg5 Be7 6. Bxe7 Nxe7 7. e3 b5 8. a4 Nd5 9. Be2 Nxc3 10. bxc3 Nd7 11. Qb1 a6 12. Nd2 Rb8 13. Bf3 c5 14. axb5 axb5 15. dxc5 O-O 16. O-O Nxc5 17. Nxc4 Bb7 18. Ne5 Qc7 19. Bxb7 Qxe5 20. Bf3 Na4 21. c4 bxc4 22. Qc2 Nc3 23. Rfc1 Rb3 24. Ra7 Rd8 25. g3 g6 26. Rb7 Rxb7 27. Bxb7 Rd3 28. Bg2 Nb5 29. Qxc4 Rc3 30. Rxc3 1/2-1/2

[Event "Calviá ol (Men)"]
[Site "Mallorca"]
[Date "2004.10.28"]
[Round "13.6"]
[White "Sasikiran, Krishnan"]
[Black "Krasenkow, Michal"]
[Result "1-0"]
[WhiteElo "2668"]
[BlackElo "2676"]
[PlyCount "61"]
[EventDate "2004.10.15"]
[Source "Roberto Alvarez"]
[SourceDate "2004.10.25"]

1. d4 d5 2. c4 e6 3. Nc3 c6 4. e3 Bd6 5. Qc2 f5 6. Bd3 Nf6 7. Nge2 O-O 8. f3 Nbd7 9. Bd2 dxc4 10. Bxc4 Nb6 11. Bb3 Kh8 12. a3 e5 13. O-O-O Qe7 14. h3 Bd7 15. Kb1 a5 16. g4 Nfd5 17. e4 Nxc3+ 18. Bxc3 fxe4 19. Qxe4 Be8 20. dxe5 Bg6 21. exd6 Bxe4+ 22. Ka1 Qe8 23. fxe4 a4 24. Ba2 Rf3 25. e5 Nd5 26. Bxd5 cxd5 27. Rxd5 Qf7 28. Rdd1 Qc4 29. e6 Qxe2 30. d7 Rd3 31. Rde1 1-0

[Event "Moscow RUS"]
[Site "?"]
[Date "2005.02.22"]
[Round "8"]
[White "Bacrot Etienne"]
[Black "Filippov Valerij"]
[Result "1-0"]
[WhiteElo "2715"]
[BlackElo "2621"]
[PlyCount "35"]
[EventDate "2005.??.??"]
[Source "www.chesslib.no"]
[SourceDate "2004.05.04"]

1. c4 e6 2. Nc3 d5 3. d4 c6 4. e4 dxe4 5. Nxe4 Bb4+ 6. Bd2 Qxd4 7. Bxb4 Qxe4+ 8. Be2 Na6 9. Bd6 f6 10. Nf3 Bd7 11. O-O O-O-O 12. Bd3 Qg4 13. c5 e5 14. h3 Qe6 15. Qa4 Nc7 16. Bc4 Qf5 17. Qa5 Ne8 18. Bf7 1-0

[Event "Poikovsky 87/360"]
[Site "?"]
[Date "2003.??.??"]
[Round "?"]
[White "Lautier, J."]
[Black "Zvjaginsev, V."]
[Result "1-0"]
[WhiteElo "2666"]
[BlackElo "2664"]
[PlyCount "63"]
[EventDate "2003.??.??"]
[Source "Chess Informant"]
[SourceDate "2003.02.01"]

1. c4 e6 2. Nc3 d5 3. d4 c6 4. e4 Bb4 5. cxd5 exd5 6. e5 c5 7. a3 cxd4 8. axb4 dxc3 9. bxc3 Nc6 10. f4 Nh6 11. Nf3 O-O 12. Be2 f6 13. b5 Ne7 14. O-O fxe5 15. fxe5 a5 16. bxa6 bxa6 17. Kh1 Nhf5 18. g4 Nh6 19. Bxh6 gxh6 20. Nd4 Ng6 21. Rxf8+ Qxf8 22. Bf3 Rb8 23. Bxd5+ Kh8 24. Qe2 Nf4 25. Qf3 Bxg4 26. Qxg4 Nxd5 27. e6 Ne7 28. Qe2 Qf4 29. Rf1 Qg5 30. Nf5 Rb5 31. Nxe7 Qxe7 32. Qe4 1-0

[Event "Deutschland 74/418"]
[Site "?"]
[Date "1998.??.??"]
[Round "?"]
[White "Sadler, Matthew"]
[Black "Krasenkow, Michal"]
[Result "0-1"]
[WhiteElo "2660"]
[BlackElo "2655"]
[PlyCount "78"]
[EventDate "1998.??.??"]
[Source "ChessBase"]
[SourceDate "1998.10.01"]

1. d4 d5 2. c4 e6 3. Nc3 c6 4. Nf3 dxc4 5. a4 Bb4 6. e3 b5 7. Bd2 a5 8. axb5 Bxc3 9. Bxc3 cxb5 10. b3 Bb7 11. bxc4 b4 12. Bb2 Nf6 13. Bd3 Nbd7 14. O-O O-O 15. Re1 Ne4 16. Nd2 Nxd2 17. Qxd2 Qc7 18. c5 f5 19. f3 Nf6 20. Bc4 Bd5 21. Bxd5 Nxd5 22. e4 fxe4 23. fxe4 Nf6 24. h3 Qc6 25. Qd3 a4 26. d5 exd5 27. Bxf6 Qxf6 28. Qxd5+ Qf7 29. c6 b3 30. c7 Rfc8 31. Rac1 b2 32. Qxa8 Rxa8 33. c8=Q+ Rxc8 34. Rxc8+ Qf8 35. Rxf8+ Kxf8 36. Rb1 a3 37. Kf2 Ke7 38. Ke3 a2 39. Rxb2 a1=Q 0-1

[Event "Kasparov-GER"]
[Site "GER"]
[Date "1992.??.??"]
[Round "?"]
[White "Hertneck, Gerald"]
[Black "Kasparov, Gary"]
[Result "1/2-1/2"]
[WhiteElo "2530"]
[BlackElo "2780"]
[PlyCount "26"]
[EventDate "1992.??.??"]
[Source "www.chesslib.no"]
[SourceDate "2004.05.04"]

1. d4 d5 2. c4 e6 3. Nc3 c6 4. Nf3 dxc4 5. a4 Bb4 6. Bd2 Nf6 7. e3 c5 8. Bxc4 Nc6 9. dxc5 Bxc5 10. O-O O-O 11. Qe2 e5 12. Ng5 Bf5 13. Rad1 Qe7 1/2-1/2

[Event "Mind Sports Games - Rapid Ind"]
[Site "Pechino CINA"]
[Date "2008.10.05"]
[Round "3"]
[White "Bu Xiangzhi"]
[Black "Shabalov, A."]
[Result "1-0"]
[WhiteElo "2714"]
[BlackElo "2585"]
[PlyCount "49"]
[EventDate "2008.10.05"]
[Source "www.chesslib.no"]
[SourceDate "2004.05.04"]

1. c4 e6 2. Nc3 d5 3. d4 c6 4. e3 Bd6 5. b3 f5 6. Bd3 Nf6 7. Nge2 O-O 8. f3 Nbd7 9. O-O b5 10. cxd5 Nxd5 11. Nxd5 exd5 12. Qc2 Qf6 13. Bd2 Bb7 14. e4 c5 15. Bxb5 dxe4 16. fxe4 Bxe4 17. Qc4+ Kh8 18. Bxd7 Rad8 19. Qe6 Rxd7 20. Qxd7 Bc6 21. Qxa7 Bxh2+ 22. Kxh2 Qh4+ 23. Kg1 Bxg2 24. Qxc5 Re8 25. Rxf5 1-0

[Event "Beograd"]
[Site "?"]
[Date "1995.??.??"]
[Round "?"]
[White "Miladinovic, I."]
[Black "Ivanchuk, V."]
[Result "1/2-1/2"]
[WhiteElo "2555"]
[BlackElo "2740"]
[PlyCount "56"]
[EventDate "1995.??.??"]
[Source "ChessBase"]
[SourceDate "1995.10.01"]

1. d4 d5 2. c4 e6 3. Nc3 c6 4. cxd5 exd5 5. Nf3 Bf5 6. g3 Be7 7. Bg2 Nd7 8. O-O h6 9. h3 Ngf6 10. Bf4 O-O 11. Ne5 Bh7 12. g4 Qb6 13. Na4 Qb5 14. Nxd7 Nxd7 15. b3 Rae8 16. a3 f5 17. e3 fxg4 18. hxg4 Qd3 19. Qxd3 Bxd3 20. Rfc1 Be2 21. b4 Rf6 22. Bg3 Bxg4 23. b5 Kh8 24. bxc6 bxc6 25. Rc3 Nb6 26. Nb2 Bd7 27. Rac1 Ref8 28. a4 Bd6 1/2-1/2

[Event "5th Karpov"]
[Site "Poikovsky"]
[Date "2004.03.22"]
[Round "5"]
[White "Zvjaginsev, Vadim"]
[Black "Zhang Zhong"]
[Result "1/2-1/2"]
[WhiteElo "2654"]
[BlackElo "2639"]
[PlyCount "47"]
[EventDate "2004.03.17"]
[Source "Roberto Alvarez"]
[SourceDate "2004.03.29"]

1. c4 e6 2. Nc3 d5 3. d4 c6 4. e3 Bd6 5. Nf3 f5 6. Ne5 Nf6 7. Be2 O-O 8. O-O Nbd7 9. f4 Ne4 10. Nxe4 fxe4 11. Bd2 Nxe5 12. fxe5 Be7 13. b4 Bd7 14. a4 a6 15. g3 Qe8 16. Rxf8+ Bxf8 17. Qf1 Be7 18. Qh3 Bg5 19. Qg4 Bh6 20. a5 Qe7 21. Rf1 Rf8 22. Rxf8+ Qxf8 23. h4 Qf5 24. c5 1/2-1/2

[Event "Polanica Zdroj"]
[Site "?"]
[Date "1996.??.??"]
[Round "?"]
[White "Nikolic, P."]
[Black "Oll, L."]
[Result "1/2-1/2"]
[WhiteElo "2670"]
[BlackElo "2620"]
[PlyCount "41"]
[EventDate "1996.??.??"]
[Source "ChessBase"]
[SourceDate "1996.10.01"]

1. d4 d5 2. c4 e6 3. Nc3 c6 4. cxd5 exd5 5. Bf4 Bd6 6. Bg3 Ne7 7. e3 Nf5 8. Bd3 Nxg3 9. hxg3 Nd7 10. Qc2 Nf6 11. O-O-O g6 12. Nf3 Kf8 13. Ng5 Ng4 14. Nh3 f5 15. Nf4 Kg7 16. Kb1 Bd7 17. Qd2 Qe7 18. Rde1 Nf6 19. f3 Rae8 20. Bc2 Bc8 21. Qf2 1/2-1/2

[Event "Belfort"]
[Site "?"]
[Date "1999.??.??"]
[Round "?"]
[White "Gurevich, M."]
[Black "Zvjaginsev, V."]
[Result "1/2-1/2"]
[WhiteElo "2640"]
[BlackElo "2650"]
[PlyCount "34"]
[EventDate "1999.??.??"]
[Source "Chess Informant"]
[SourceDate "1999.10.01"]

1. c4 e6 2. Nc3 d5 3. d4 c6 4. e3 Nf6 5. Qc2 Nbd7 6. Bd2 g6 7. Nf3 Bg7 8. Be2 O-O 9. O-O dxc4 10. Bxc4 c5 11. dxc5 Nxc5 12. Rfd1 b6 13. Na4 Qc7 14. Bf1 Na6 15. Qxc7 Nxc7 16. Rac1 Ncd5 17. Nc3 Bb7 1/2-1/2

[Event "GP"]
[Site "Aix-En-Provence"]
[Date "2004.12.11"]
[Round "3.5"]
[White "Kazhgaleyev, Murtas"]
[Black "Lautier, Joel"]
[Result "1-0"]
[WhiteElo "2607"]
[BlackElo "2682"]
[PlyCount "51"]
[EventDate "2004.12.08"]
[Source "Roberto Alvarez"]
[SourceDate "2004.12.13"]

1. d4 d5 2. c4 e6 3. Nc3 c6 4. e3 Bd6 5. Bd3 f5 6. g4 Nf6 7. gxf5 exf5 8. Nf3 O-O 9. Qb3 Kh8 10. Bd2 dxc4 11. Bxc4 Qe7 12. O-O-O Nbd7 13. Qc2 Ne4 14. Rhf1 Ndf6 15. Ne5 Nxd2 16. Qxd2 Bxe5 17. Rg1 Be6 18. Rg3 Rad8 19. Bd3 Ng4 20. Qc2 Nxf2 21. Rdg1 Rd7 22. Qxf2 a6 23. Qf4 Bd5 24. Qxe5 h6 25. h4 Kh7 26. h5 1-0

[Event "GP"]
[Site "Aix-En-Provence"]
[Date "2004.12.11"]
[Round "3.3"]
[White "Kazhgaleyev, Murtas"]
[Black "Lautier, Joel"]
[Result "0-1"]
[WhiteElo "2607"]
[BlackElo "2682"]
[PlyCount "116"]
[EventDate "2004.12.08"]
[Source "Roberto Alvarez"]
[SourceDate "2004.12.13"]

1. d4 d5 2. c4 e6 3. Nc3 c6 4. e3 Bd6 5. Nf3 f5 6. Be2 Nf6 7. Ne5 O-O 8. O-O b6 9. f4 Bb7 10. Bd2 c5 11. Nb5 Be7 12. Bf3 Nc6 13. dxc5 Bxc5 14. Nxc6 Bxc6 15. b4 Bxb5 16. cxb5 Bd6 17. Bc3 Rc8 18. Rc1 Qe7 19. a3 Rc7 20. Bxf6 Qxf6 21. Rxc7 Bxc7 22. Qc2 Bd6 23. Qc6 Qe7 24. Rd1 Rd8 25. Qc3 Rd7 26. Qc6 h6 27. Qc8+ Rd8 28. Qc6 Rd7 29. Qc8+ Kh7 30. Qc2 Rc7 31. Qd3 Qf6 32. Qd2 Qc3 33. g4 g6 34. Kh1 Qxd2 35. Rxd2 Rc3 36. Re2 Rxa3 37. Kg2 Bxb4 38. Rc2 Bc5 39. h4 Rxe3 40. Ra2 Ra3 41. Re2 Be3 42. Kg3 d4 43. Rc2 Rc3 44. Ra2 Rc7 45. Be2 Kg7 46. Bd3 Kf6 47. Kf3 fxg4+ 48. Kxg4 Rc3 49. Be4 h5+ 50. Kf3 Bc1+ 51. Kg2 Bxf4 52. Rxa7 Rg3+ 53. Kf2 Re3 54. Bc6 d3 55. Rd7 e5 56. Bd5 g5 57. Rd6+ Ke7 58. Re6+ Kd7 0-1

[Event "Moscow RUS"]
[Site "?"]
[Date "2004.02.18"]
[Round "2"]
[White "Bacrot Etienne"]
[Black "Goloshchapov Alexander"]
[Result "1-0"]
[WhiteElo "2718"]
[BlackElo "2566"]
[PlyCount "59"]
[EventDate "2004.??.??"]
[Source "www.chesslib.no"]
[SourceDate "2004.05.04"]

1. d4 d5 2. c4 e6 3. Nc3 c6 4. e4 dxe4 5. Nxe4 Bb4+ 6. Bd2 Qxd4 7. Bxb4 Qxe4+ 8. Be2 Na6 9. Bd6 b6 10. Nf3 Bb7 11. Ne5 f6 12. O-O fxe5 13. Bh5+ g6 14. Re1 Qd4 15. Bxe5 Qxd1 16. Bxd1 Nf6 17. Bxf6 O-O 18. Bg5 Rae8 19. Bg4 Bc8 20. Rad1 c5 21. Bh6 Rf6 22. Bf3 Rxf3 23. gxf3 Nb4 24. Be3 Nc6 25. f4 Re7 26. Rd6 Rc7 27. f5 gxf5 28. Bf4 Kf7 29. Re3 Nd4 30. Rd8 1-0

[Event "Aeroflot Open 2008"]
[Site "Moscu RUS"]
[Date "2008.02.17"]
[Round "4.6"]
[White "Aleksandrov, Aleksej"]
[Black "Timofeev, Artyom"]
[Result "0-1"]
[WhiteElo "2618"]
[BlackElo "2664"]
[PlyCount "74"]
[EventDate "2008.02.14"]
[Source "www.chesslib.no"]
[SourceDate "2004.05.04"]

1. d4 d5 2. c4 e6 3. Nc3 c6 4. e3 Bd6 5. Bd3 f5 6. f4 Nf6 7. Nf3 O-O 8. O-O b6 9. b3 Ne4 10. Bb2 Bb7 11. Ne5 Nd7 12. Nxe4 fxe4 13. Be2 Qe7 14. Rc1 Nxe5 15. fxe5 Bb4 16. Bc3 Ba3 17. Rb1 Qg5 18. Qd2 Be7 19. Rxf8+ Rxf8 20. Rf1 Rd8 21. g3 c5 22. cxd5 Bxd5 23. Ba6 h5 24. Qe1 h4 25. Kh1 Qh6 26. dxc5 Bxc5 27. Rf4 Bc6 28. Bc4 h3 29. Rh4 Qg6 30. Bf1 Be7 31. Rf4 Bg5 32. Rf2 Qh6 33. Bd2 Kh7 34. Qe2 Rxd2 35. Qxd2 Bxe3 36. Qc2 Bxf2 37. Qxc6 Qe3 0-1

[Event "France 81/329"]
[Site "?"]
[Date "2001.??.??"]
[Round "?"]
[White "Van Wely, L."]
[Black "Fressinet, L."]
[Result "1/2-1/2"]
[WhiteElo "2700"]
[BlackElo "2581"]
[PlyCount "81"]
[EventDate "2001.??.??"]
[Source "Chess Informant"]
[SourceDate "2001.02.01"]

1. d4 d5 2. c4 c6 3. Nc3 e6 4. e4 dxe4 5. Nxe4 Bb4+ 6. Bd2 Qxd4 7. Bxb4 Qxe4+ 8. Be2 Na6 9. Ba5 Bd7 10. Nf3 Nf6 11. Qd6 Qf5 12. Ne5 Qxf2+ 13. Kxf2 Ne4+ 14. Kf3 Nxd6 15. Rhd1 Ke7 16. c5 Nxc5 17. Bb4 b6 18. Rac1 Nce4 19. Bd3 f5 20. Bxe4 fxe4+ 21. Ke3 c5 22. Rxc5 bxc5 23. Bxc5 Be8 24. Bxd6+ Kd8 25. h4 a5 26. g4 Rg8 27. b3 Ra6 28. h5 Bc6 29. Bc5+ Kc7 30. Rf1 Be8 31. a4 Kc8 32. Rf2 Bc6 33. Rf7 Bd5 34. g5 Bxb3 35. h6 gxh6 36. gxh6 Rg5 37. Kxe4 Bxa4 38. Rf8+ Kc7 39. Rf7+ Kc8 40. Rf8+ Kc7 41. Rf7+ 1/2-1/2

[Event "Essen 84/44"]
[Site "?"]
[Date "2002.??.??"]
[Round "?"]
[White "Dautov, R."]
[Black "Krasenkow, M."]
[Result "0-1"]
[WhiteElo "2636"]
[BlackElo "2641"]
[PlyCount "52"]
[EventDate "2002.??.??"]
[Source "Chess Informant"]
[SourceDate "2002.02.01"]

1. d4 d5 2. c4 e6 3. Nc3 c6 4. e3 f5 5. g4 fxg4 6. Qxg4 Nf6 7. Qg2 c5 8. Nf3 Nc6 9. Bd2 Bd7 10. O-O-O Qe7 11. Ne5 cxd4 12. exd4 O-O-O 13. Bf4 Qe8 14. cxd5 exd5 15. Nxc6 Bxc6 16. Qg3 b5 17. Be5 Kb7 18. Qd3 Ne4 19. Nxe4 dxe4 20. Qb3 a6 21. Bc4 e3 22. Bf7 Be4 23. Rd3 Qe7 24. Rc3 Bxh1 25. Rc7+ Qxc7+ 26. Bxc7 exf2 0-1